00476nam a2200145 a 450000100100000000500170001000800410002704000250006824500360009326000500012930000200017904900090019995201050020899900170031300002831820200930031533.0110407s1969 dr 000 0 spa d aDO-SdBNPbspacBNPHU00aLey de incentivo industrial. /. a[Santo Domingo], :bBanco de Reservas,c1969. a20 p. ;c21 cm. aBNPD 0010718PDaPDbPDcCTd2011-04-07iLF1l0o p28318-10r2020-06-25w2020-06-25yLFPDZNo se presta c27810d27810